<?xml version="1.0" encoding="UTF-8"?>
<marc:record xmlns:marc="http://www.loc.gov/MARC21/slim">
   <marc:leader>00000nam a2200000 a 4500</marc:leader>
   <marc:datafield ind1="1" ind2=" " tag="100">
      <marc:subfield code="a">Ozeki, Ruth L.</marc:subfield>
      <marc:subfield code="4">aut</marc:subfield>
      <marc:subfield code="e">Verfasser/-in</marc:subfield>
   </marc:datafield>
   <marc:datafield ind1="1" ind2=" " tag="100">
      <marc:subfield code="a">Schnettler, Tobias</marc:subfield>
      <marc:subfield code="4">trl</marc:subfield>
      <marc:subfield code="e">Übersetzer/-in</marc:subfield>
   </marc:datafield>
   <marc:datafield ind1="1" ind2=" " tag="100">
      <marc:subfield code="a">Ozeki, Ruth L.</marc:subfield>
   </marc:datafield>
   <marc:datafield ind1=" " ind2=" " tag="653">
      <marc:subfield code="a">Softcover / Belletristik/Gegenwartsliteratur (ab 1945)</marc:subfield>
   </marc:datafield>
   <marc:datafield ind1=" " ind2=" " tag="653">
      <marc:subfield code="a">Erzählende Literatur: Gegenwartsliteratur ab 1945</marc:subfield>
   </marc:datafield>
   <marc:datafield ind1="0" ind2="0" tag="245">
      <marc:subfield code="a">Geschichte für einen Augenblick</marc:subfield>
   </marc:datafield>
   <marc:datafield ind1="0" ind2="0" tag="245">
      <marc:subfield code="b">Roman</marc:subfield>
   </marc:datafield>
   <marc:datafield ind1="0" ind2="0" tag="245">
      <marc:subfield code="c">Ruth Ozeki. Aus dem Amerikan. von Tobias Schnettler</marc:subfield>
   </marc:datafield>
   <marc:datafield ind1=" " ind2="1" tag="264">
      <marc:subfield code="a">Frankfurt, M.</marc:subfield>
      <marc:subfield code="b">S. Fischer</marc:subfield>
      <marc:subfield code="c">2014</marc:subfield>
   </marc:datafield>
   <marc:datafield ind1="1" ind2=" " tag="520">
      <marc:subfield code="a">Angaben aus der Verlagsmeldung

Geschichte für einen Augenblick : Roman A Tale for the Time Being / von Ruth Ozeki

Ruth Ozeki erkundet, was es heißt, in diesem Augenblick, genau jetzt, ein Mensch zu sein – »bezaubernd, klug und herzzerreißend« (Junot Díaz).

»Hallo! Ich heiße Nao, und ich bin ein Zeitwesen. Weißt du, was ein Zeitwesen ist? Wenn du einen Moment hast, erzähl ich es dir.« So beginnt das Tagebuch des japanischen Teenagers Nao, das eines Tages am Strand einer kanadischen Pazifikinsel angespült wird. Nao schreibt von Einsamkeit und Mobbing, vom depressiven Vater, von ihrer schillernden Urgroßmutter Jiko und den Geheimnissen des Zen. Die Autorin Ruth, die das Tagebuch gefunden hat, ist bald wie gebannt von Naos Notizen und beginnt zugleich um ihr Leben zu fürchten – hat Nao letztlich Selbstmord begangen? Ist sie im Tsunami gestorben? Die Suche nach Antworten gerät für Ruth zu einer magischen Reise durch die Gegenwart, die am Ende auch den Blick auf ihr eigenes Leben verwandelt.
</marc:subfield>
   </marc:datafield>
   <marc:datafield ind1=" " ind2=" " tag="020">
      <marc:subfield code="a">9783100552204</marc:subfield>
      <marc:subfield code="9">9783100552204</marc:subfield>
   </marc:datafield>
   <marc:datafield ind1=" " ind2=" " tag="020">
      <marc:subfield code="a">3100552202</marc:subfield>
      <marc:subfield code="9">3100552202</marc:subfield>
   </marc:datafield>
   <marc:datafield ind1=" " ind2=" " tag="041">
      <marc:subfield code="a">ger</marc:subfield>
   </marc:datafield>
   <marc:datafield ind1=" " ind2=" " tag="300">
      <marc:subfield code="a">558 S.</marc:subfield>
   </marc:datafield>
</marc:record>
